Detalles MARC
| 000 -LEADER |
| fixed length control field |
02776nam a2200445Ii 4500 |
| 001 - CONTROL NUMBER |
| control field |
DIGPOLIF0020 |
| 003 - CONTROL NUMBER IDENTIFIER |
| control field |
NyNyDIG |
| 006 - FIXED-LENGTH DATA ELEMENTS--ADDITIONAL MATERIAL CHARACTERISTICS |
| fixed length control field |
m o d |
| 007 - PHYSICAL DESCRIPTION FIXED FIELD--GENERAL INFORMATION |
| fixed length control field |
cr ||||||||||| |
| 008 - FIXED-LENGTH DATA ELEMENTS--GENERAL INFORMATION |
| fixed length control field |
131001s2010 sp ob 000 0 spa d |
| 020 ## - INTERNATIONAL STANDARD BOOK NUMBER |
| Canceled/invalid ISBN |
9788496813458 (obra completa: pbk.) |
| 020 ## - INTERNATIONAL STANDARD BOOK NUMBER |
| Canceled/invalid ISBN |
8496813452 (obra completa: pbk.) |
| 020 ## - INTERNATIONAL STANDARD BOOK NUMBER |
| Canceled/invalid ISBN |
9788496813465 (v. 1) |
| 020 ## - INTERNATIONAL STANDARD BOOK NUMBER |
| Canceled/invalid ISBN |
8496813460 (v. 1) |
| 035 ## - SYSTEM CONTROL NUMBER |
| System control number |
(OCoLC)888273729 |
| 040 ## - CATALOGING SOURCE |
| Original cataloging agency |
DGITA |
| Language of cataloging |
eng |
| Description conventions |
pn |
| Transcribing agency |
DGITA |
| 043 ## - GEOGRAPHIC AREA CODE |
| Geographic area code |
e-sp--- |
| 050 14 - LIBRARY OF CONGRESS CALL NUMBER |
| Classification number |
DP135 eBook |
| 245 00 - TITLE STATEMENT |
| Title |
Evolución y estructura de la Casa Real de Castilla |
| Number of part/section of a work |
Vol. I / |
| Statement of responsibility, etc. |
A. Gambra Gutiérrez, F. Labrador Arroyo (coords.). |
| 264 #1 - PRODUCTION, PUBLICATION, DISTRIBUTION, MANUFACTURE, AND COPYRIGHT NOTICE |
| Place of production, publication, distribution, manufacture |
Madrid : |
| Name of producer, publisher, distributor, manufacturer |
Ediciones Polifemo, |
| Date of production, publication, distribution, manufacture, or copyright notice |
2010. |
| 300 ## - PHYSICAL DESCRIPTION |
| Extent |
1 online resource (1 vol. (xiii. 614 pages)): |
| Other physical details |
ill. |
| 336 ## - CONTENT TYPE |
| Content type term |
text |
| Content type code |
txt |
| Source |
rdacontent |
| 337 ## - MEDIA TYPE |
| Media type term |
computer |
| Media type code |
c |
| Source |
rdamedia |
| 338 ## - CARRIER TYPE |
| Carrier type term |
online resource |
| Carrier type code |
cr |
| Source |
rdacarrier |
| 490 1# - SERIES STATEMENT |
| Series statement |
Colección La Corte en Europa. Temas ; |
| Volume/sequential designation |
4.1. |
| 505 0# - FORMATTED CONTENTS NOTE |
| Formatted contents note |
Introducción / Andrés Gambra Gutiérrez, Félix Labrador Arroyo -- El Palatium y la domus regiscastellanoleoneses en tiempos de la dinastía pamplonesa / Andrés Gambra Gutiérrez -- La evolución de la Casa del Rey en el siglo XIII / Jaime Salazar y Acha -- La cámara de Juan II: Vida privada, ceremonia y lujo en la corte de Castilla a mediados del siglo XV / Francisco de Paula Cañas Gálvez -- La Casa de Isabel, princesa y reina / Teresa Martiala y Sacristán -- La influencia de la Casa de Castilla en la organización de la Casa de las Reinas hispanas / Félix Labrador Arroyo -- La Real Hermandad de Criados de los Reyes de la Casa de Felipe III / Rafael Sánchez Domingo -- La Casa de Castilla durante el reinado de Felipe IV / José Martínez Millán -- El servicio de la reina Mariana de Austria en la Jornada a Madrid de 16491 / José Rufino Novo Zaballos -- Desarrollo de la Jornada a Madrid de la reina Mariana de Austria (1648-1649) / José Rufino Novo Zaballos -- La Casa Real de Felipe V en la Jornada de Italia / Leandro Martínez Peñas -- La revitalización de la Casa de Castilla durante el reinado de Luis I / Marcelo Luzzi Traficante. |
| 504 ## - BIBLIOGRAPHY, ETC. NOTE |
| Bibliography, etc. note |
Includes bibliographical references. |
| 651 #0 - SUBJECT ADDED ENTRY--GEOGRAPHIC NAME |
| Geographic name |
Castile (Spain) |
| General subdivision |
History. |
| 651 #0 - SUBJECT ADDED ENTRY--GEOGRAPHIC NAME |
| Geographic name |
Castile (Spain) |
| General subdivision |
Politics and government. |
| 650 #0 - SUBJECT ADDED ENTRY--TOPICAL TERM |
| Topical term or geographic name entry element |
Monarchy |
| Geographic subdivision |
Spain |
| -- |
Castile |
| General subdivision |
History. |
| 655 #0 - INDEX TERM--GENRE/FORM |
| Genre/form data or focus term |
Electronic books. |
| 700 1# - ADDED ENTRY--PERSONAL NAME |
| Personal name |
Gambra Gutiérrez, A. |
| Fuller form of name |
(Andrés) |
| 700 1# - ADDED ENTRY--PERSONAL NAME |
| Personal name |
Labrador Arroyo, Félix. |
| 791 2# - |
| -- |
Digitalia (Firm), |
| -- |
distributor. |
| 793 0# - |
| -- |
Digitalia eBook Collection: |
| -- |
Ediciones Polifemo. |
| 830 #0 - SERIES ADDED ENTRY--UNIFORM TITLE |
| Uniform title |
Colección La Corte en Europa. |
| Name of part/section of a work |
Temas ; |
| Volume/sequential designation |
4.1. |
| 856 40 - ELECTRONIC LOCATION AND ACCESS |
| Materials specified |
Digitalia Hispánica |
| Uniform Resource Identifier |
<a href="https://www.digitaliapublishing.com/a/19044/">https://www.digitaliapublishing.com/a/19044/</a> |
| 910 ## - USER-OPTION DATA (OCLC) |
| User-option data |
Premium Collection: 2007-2012 |
| 942 ## - ADDED ENTRY ELEMENTS (KOHA) |
| Koha item type |
Recurso Electrónico |